01559naa a22002411i 4500001000400000003000400004005001700008008004100025040002100066080001700087100011600104245012900220500002100349520046700370650002700837650002300864650002600887655003000913650001800943700011100961773016301072711008201235BPPBPK20191017092923.0151204s2003 pl f |100 0 pol d cBPKdKOSZ 005/ac a621.3.037.371 aSŁOWIK, Adam.d2005 - .bPolitechnika Koszalińska - Wydział Elektroniki,cKatedra Inżynierii Komputerowej10aEwolucyjne projektowanie filtrów cyfrowych FIR (z gwarantowaną liniowością fazy) /cAdam Słowik, Marian Kopczewski. aDane z autopsji. aZaprezentowano metodę wykorzystania algorytmu ewolucyjnego do projektowania filtru cyfrowego typu FIR (Finite Impulse Response). Proponowana metoda przedstawiona w wersji, która uwzględnia liniowość fazy w paśmie przepustowym, czyli gwarantuje symetrię współczynników filtru. Otrzymane wyniki porównano z wynikami otrzymanymi podczas projektowania filtrów FIR, przy użyciu jednej z typowo stosowanych metod tj. metody Parksa-McClenllana. 4aInteligencja sztuczna. 4aFiltracja cyfrowa. 4aAlgorytmy genetyczne. 4aMateriały konferencyjne. 4aProjektowanie1 aKOPCZEWSKI, Marian.d1997 - .bPolitechnika Koszalińska - Wydział Elektroniki,cKatedra Telekomunikacji0 iW :tII Krajowa Konferencja Elektroniki : materiały konferencji. T. 2/2. -dKoszalin : Wydział Elektroniki Politechniki Koszalińskiej, 2003. -gs. 399-40422aKrajowa Konferencja Elektronikin(2 ;d2003 ;cKołobrzeg, Polska).pKKE'2003